• AIU
  • Tony Wilmot Memorial Library

African philosophy : (Record no. 55725)

MARC details
000 -LEADER
fixed length control field 01650cam a2200361Ia 4500
001 - CONTROL NUMBER
control field 5420808
003 - CONTROL NUMBER IDENTIFIER
control field OSt
005 - DATE AND TIME OF LATEST TRANSACTION
control field 20170716020004.0
008 - FIXED-LENGTH DATA ELEMENTS--GENERAL INFORMATION
fixed length control field 050914s2004 sg ab b 001 0 eng
020 ## - INTERNATIONAL STANDARD BOOK NUMBER
International Standard Book Number 2911928083 (pbk.)
020 ## - INTERNATIONAL STANDARD BOOK NUMBER
International Standard Book Number 9782911928086 (pbk.)
035 ## - SYSTEM CONTROL NUMBER
System control number (NNC)5420808
035 ## - SYSTEM CONTROL NUMBER
System control number (OCoLC)61724232
035 ## - SYSTEM CONTROL NUMBER
System control number (OCoLC)ocm61724232
040 ## - CATALOGING SOURCE
Original cataloging agency EEM
Transcribing agency EEM
Modifying agency YBM
041 1# - LANGUAGE CODE
Language code of text/sound track or separate title eng
Language code of original and/or intermediate translations of text fre
043 ## - GEOGRAPHIC AREA CODE
Geographic area code f-ua---
090 ## - LOCALLY ASSIGNED LC-TYPE CALL NUMBER (OCLC); LOCAL CALL NUMBER (OCLC)
Classification number (OCLC) (R) ; Classification number, CALL (RLIN) (NR) B 141
Local cutter number (OCLC) ; Book number/undivided call number, CALL (RLIN) .O3413 2004
100 1# - MAIN ENTRY--PERSONAL NAME
Personal name Obenga, Théophile.
9 (RLIN) 20098
240 10 - UNIFORM TITLE
Uniform title <a href="Philosophie africaine de la période pharaonique, 2780-330 avant notre ère.">Philosophie africaine de la période pharaonique, 2780-330 avant notre ère.</a>
Language of a work English
245 10 - TITLE STATEMENT
Title African philosophy :
Remainder of title the Pharaonic period, 2780-330 B.C. /
Statement of responsibility, etc Théophile Obenga.
260 ## - PUBLICATION, DISTRIBUTION, ETC. (IMPRINT)
Place of publication, distribution, etc [Popenguine, Senegal] :
Name of publisher, distributor, etc Per Ankh,
Date of publication, distribution, etc c2004.
300 ## - PHYSICAL DESCRIPTION
Extent 671 p. :
Other physical details ill., map ;
Dimensions 22 cm.
504 ## - BIBLIOGRAPHY, ETC. NOTE
Bibliography, etc Includes bibliographical references (p. 621-664) and index.
505 0# - FORMATTED CONTENTS NOTE
Formatted contents note Egyptian language and writing -- Ancient Egyptian grammar: an overview -- I. The cosmos before the present universe -- II. Ontology and cosmogenesis -- III. On time and the heavens -- IV. Ethical values -- V. On death and immortality -- VI. The intellectual vocation -- VII. Mapmaking, navigation, textile chemistry -- VIII. Astronomy -- IX. Medicine -- X. Mathematics.
546 ## - LANGUAGE NOTE
Language note Originally published in French under title: La philosophie africaine de la période pharaonique, 2780-330 avant notre ère. Paris : L'Harmattan, c1990.
650 #0 - SUBJECT ADDED ENTRY--TOPICAL TERM
Topical term or geographic name as entry element Philosophy, Egyptian.
9 (RLIN) 20099
651 #0 - SUBJECT ADDED ENTRY--GEOGRAPHIC NAME
Geographic name Egypt
General subdivision Intellectual life.
9 (RLIN) 20100
942 ## - ADDED ENTRY ELEMENTS (KOHA)
Source of classification or shelving scheme Library of Congress Classification
Koha item type Books
Koha issues (borrowed), all copies 8
948 0# - LOCAL PROCESSING INFORMATION (OCLC); SERIES PART DESIGNATOR (RLIN)
Series part designator, SPT (RLIN) 20050914
b (OCLC) b
c (OCLC) dc21
d (OCLC) MPS
948 1# - LOCAL PROCESSING INFORMATION (OCLC); SERIES PART DESIGNATOR (RLIN)
Series part designator, SPT (RLIN) 20081017
b (OCLC) c
c (OCLC) mps2
d (OCLC) MPS
Holdings
Withdrawn status Lost status Source of classification or shelving scheme Damaged status Not for loan Collection code Home library Current library Shelving location Date acquired Source of acquisition Cost, normal purchase price Total Checkouts Total Renewals Full call number Barcode Date last seen Date checked out Copy number Price effective from Koha item type
    Library of Congress Classification     General Circulation AIU/NEGST - Tony Wilmot Memorial Library AIU/NEGST - Tony Wilmot Memorial Library General Stacks 01/14/2013 Donation 32.50 11 1 B 141.O3414 2004 R59416M3232 02/24/2020 01/23/2020 1 01/14/2013 Books